VIII Jornadas Latinoamericanas de Derecho Tributario / (Registro nro. 7587)
[ vista simple ]
| 000 -LEADER | |
|---|---|
| fixed length control field | 00920nam a2200205Ia 4500 |
| 003 - CONTROL NUMBER IDENTIFIER | |
| control field | OSt |
| 005 - DATE AND TIME OF LATEST TRANSACTION | |
| control field | 20210420120426.0 |
| 008 - FIXED-LENGTH DATA ELEMENTS--GENERAL INFORMATION | |
| fixed length control field | 210310s1977 pe gr 100 0 spa d |
| 040 ## - CATALOGING SOURCE | |
| Original cataloging agency | CO-JMCR |
| Transcribing agency | CO-JMCR |
| 041 0# - LANGUAGE CODE | |
| Language code of text/sound track or separate title | spa |
| 082 04 - DEWEY DECIMAL CLASSIFICATION NUMBER | |
| Edition number | 23 |
| Classification number | 343.06 / |
| Item number | J828j1 |
| 111 2# - MAIN ENTRY--MEETING NAME | |
| Meeting name or jurisdiction name as entry element | Jornadas Latinoamericanas de Derecho Tributario |
| Number of part/section/meeting | (8a : |
| Date of meeting or treaty signing | 1977 : |
| Location of meeting | Lima) |
| 9 (RLIN) | 37003 |
| 245 10 - TITLE STATEMENT | |
| Title | VIII Jornadas Latinoamericanas de Derecho Tributario / |
| Statement of responsibility, etc. | Instituto Latinoamericano de Derecho Tributario |
| 260 ## - PUBLICATION, DISTRIBUTION, ETC. | |
| Place of publication, distribution, etc. | Lima : |
| Name of publisher, distributor, etc. | Instituto Peruano de Derecho Tributario, |
| Date of publication, distribution, etc. | 1977 |
| 300 ## - PHYSICAL DESCRIPTION | |
| Other physical details | 262 páginas ; |
| Dimensions | 25 cm. |
| 505 0# - FORMATTED CONTENTS NOTE | |
| Formatted contents note | Alcances de la responsabilidad tributaria de los administradores de empresas -- Problemas en la aplicación del impuesto al valor agregado |
| 650 14 - SUBJECT ADDED ENTRY--TOPICAL TERM | |
| Topical term or geographic name entry element | Derecho tributario |
| 9 (RLIN) | 14866 |
| Form subdivision | Congresos, conferencias etc. |
| Geographic subdivision | América Latina |
| 650 14 - SUBJECT ADDED ENTRY--TOPICAL TERM | |
| Topical term or geographic name entry element | Impuestos |
| Form subdivision | Congresos, conferencias etc. |
| Geographic subdivision | América Latina |
| 9 (RLIN) | 36958 |
| 942 ## - ADDED ENTRY ELEMENTS (KOHA) | |
| Source of classification or shelving scheme | Dewey Decimal Classification |
| Koha item type | Books |
| Withdrawn status | Lost status | Source of classification or shelving scheme | Damaged status | Not for loan | Home library | Current library | Date acquired | Full call number | Barcode | Date last seen | Copy number | Koha item type |
|---|---|---|---|---|---|---|---|---|---|---|---|---|
| Dewey Decimal Classification | Biblioteca Pública José María del Castillo y Rada | Biblioteca Pública José María del Castillo y Rada | 03/10/2021 | 343.06 / J828j1 | 430004538 | 05/16/2024 | Ej.1 | Books |